LEADER 01118nam a2200265 i 4500 001 991001149809707536 008 050713s2003 us 00 0 eng d 020 $a0306474298 035 $ab13328025-39ule_inst 040 $aDip.to Ingegneria dell'Innovazione$beng 082 0 $a621.382 100 $aTretter, Steven A.$0771409 245 10$aCommunication system design using DSP algorithms :$bwith laboratory experiments for the TMS320C6701 and TMS320C6711 /$cSteven A. Tretter 260 $aNew York [etc] :$bKluwer Academic,$cc2003 300 $axix, 301 p. ;$c24 cm 440 0$aInformation technology: transmission, processing and storage 650 4$aSignal processing 650 4$aData processing 650 4$aDigital techniques 907 $a.b13328025$b21-09-06$c13-07-05 912 $a991001149809707536 945 $aLE026 621.382 TRE 01.01 2003$g1$i2026000023724$lle026$nProf. Ricci / PS$op$pE89.24$q-$rl$s- $t4$u6$v0$w6$x0$y.i14106620$z13-07-05 996 $aCommunication system design using DSP algorithms$91574138 997 $aUNISALENTO 998 $ale026$b13-07-05$cm$da $e-$fita$git $h0$i0 LEADER 01819nas 2200589-a 450 001 996211030003316 005 20231213213019.0 011 $a1613-4079 035 $a(DE-599)ZDB2045582-3 035 $a(OCoLC)48055084 035 $a(CKB)110978979119243 035 $a(CONSER)--2011233808 035 $a(EXLCZ)99110978979119243 100 $a20010929a19899999 s-- a 101 0 $aeng 135 $aurmnu|||||||| 181 $ctxt$2rdacontent 182 $cc$2rdamedia 183 $acr$2rdacarrier 200 10$aProbus 210 $a[Berlin] $cWalter de Gruyter 210 3 $a[Germany] $cDe Gruyter Mouton 215 $a1 online resource 300 $aRefereed/Peer-reviewed 300 $a"International journal of Latin and Romance linguistics." 311 $a0921-4771 517 1 $aInternational journal of Latin and Romance linguistics 531 $aPROBUS INTERNATIONAL JOURNAL OF LATIN AND ROMANCE LINGUISTICS 531 $aPROBUS 531 1 $aProbus 606 $aRomance languages$vPeriodicals 606 $aRomance philology$vPeriodicals 606 $aLatin language$vPeriodicals 606 $aLatin language$2fast$3(OCoLC)fst00993125 606 $aRomance languages$2fast$3(OCoLC)fst01099802 606 $aRomance philology$2fast$3(OCoLC)fst01099881 606 $aLanguages and linguistics$2galestne 608 $aPeriodicals.$2fast 608 $aPeriodicals.$2lcgft 610 0 $aLanguages and linguistics 615 0$aRomance languages 615 0$aRomance philology 615 0$aLatin language 615 7$aLatin language. 615 7$aRomance languages. 615 7$aRomance philology. 615 7$aLanguages and linguistics. 676 $a440 906 $aJOURNAL 912 $a996211030003316 996 $aProbus$9790838 997 $aUNISA